| 000 | 00511nam a2200181Ia 4500 | ||
|---|---|---|---|
| 999 |
_c13973 _d13973 |
||
| 003 | OSt | ||
| 005 | 20201022111420.0 | ||
| 008 | 190216s9999||||xx |||||||||||||| ||und|| | ||
| 020 | _a1853261637 | ||
| 040 | _coclc | ||
| 082 |
_a823.8 _bJEF/B |
||
| 100 |
_aJefferies, Richard _96049 |
||
| 245 | 0 |
_aBevis / _cRichard Jefferies |
|
| 260 |
_bWordsworth Editions Ltd, _c1995. _aLondon: |
||
| 300 | _a430p | ||
| 650 | _aEnglish Short Stories | ||
| 942 |
_cBK _2ddc _h823.8 _iJEF/B _k823.8 _mJEF/B |
||